000 00916nam a2200277 4500
001 1804975
003 AM-YEHGA
005 20250617165011.0
008 211122s1946 ohu|||||||||||00||0|eng|d
040 _aAM-YeHGA
041 1 _aeng
_hgre
100 0 _aPlato
240 1 0 _aRepublic.
_lEnglish
245 1 4 _aThe Republic /
_cPlato ; translated by Benjamin Jowett, with the Jowett notes and marginalia ; illus. by Laszlo Matulay, with an introd. by Scott Buchanan.
260 _aCleveland ;
_aNew York :
_bThe World publishing company,
_c1946.
300 _a383 p. ;
_c19 cm.
650 1 4 _aPolitical science
_vEarly works to 1800.
650 1 4 _aUtopias
_vEarly works to 1800.
650 1 4 _aJustice
_vEarly works to 1800
650 1 4 _aPhilosophy, Ancient
700 1 _aJowett, Benjamin
_4trl
700 1 _aMatulay, Laszlo
_4ill
700 1 _aBuchanan, Scott
_4aui
942 _2udc
_cBK
090 _c571980
999 _c533012
_d533012